000 00255nam a2200109Ia 4500
008 190216s9999||||xx |||||||||||||| ||und||
100 _aNull
245 0 _aMalayalam-Pralayam
260 _b"Bkm Book Depot, Champakulam"
650 _aMalayalam
942 _cBK
999 _c25096
_d25096